NFL: Black vs. White Offense - Statistics

General Stats
  • This quiz has been taken 46 times
    3 since last reset
  • The average score is 14 of 20
Answer Stats
Hint Answer % Correct
Interceptions Thrown QB336 (Packers) Brett Favre
100%
Receiving Yards RB4,415 (Panthers, 49ers) Christian McCaffrey
100%
18,355 (Cowboys) Emmitt Smith
100%
175 (Cowboys) Emmitt Smith
100%
Rushing Yards WR539 (Chiefs) * Frank Jackson
100%
Rushing Yards QB4,551 (Bills) Josh Allen
100%
6,437 (Ravens) Lamar Jackson
100%
Passing Yards QB 89,214 (Patriots) Tom Brady
100%
22,895 (49ers) Jerry Rice
67%
208 (49ers) Jerry Rice
67%
Rushing Yards RB 11,352 (Redskins) John Riggins
67%
Rushing Touchdowns RB116 (Redskins) John Riggins
67%
Receiving Yards WR 13,089 (Seahawks) Steve Largent
67%
49,325 (Oilers) Warren Moon
67%
233 (Oilers) Warren Moon
67%
11,841 (Chargers) Antonio Gates
33%
Receiving Touchdowns WR 105 (Packers) Don Hutson
33%
Receiving Yards TE13,046 (Cowboys) Jason Witten
33%
6,875 (Rams) Marshall Faulk
33%
1,361 (Rams) Tavon Austin
0%
No matching quizzes found
Score Distribution
Percent of People with Each Score
Percentile by Number Answered
Your Score History
You have not taken this quiz since the last reset